Máquina de entrenamiento comprimido basada en Extreme Learning Machine : MEC-ELM /

Detalles Bibliográficos
Autores principales: Castro Caicedo, Fausto Miguel (Autor), Jojoa Gómez, Pablo Emilio (Autor)
Formato: Electrónico eBook
Lenguaje:español
Publicado: Popayán, Colombia : Editorial Universidad del Cauca, 2022.
Edición:Primera edición en español.
Materias:
Acceso en línea:Digitalia Hispánica

MARC

LEADER 00000nam a2200000 i 4500
001 DIGUCAUCA0146
003 NyNyDIG
006 m o d
007 cr |||||||||||
008 231008s2022 ck a ob 001 0 spa d
035 |a (OCoLC)1394135158 
040 |a DGITA  |b eng  |e rda  |e pn  |c DGITA 
020 |a 9789587325683  |q digital 
020 |z 9789587325676  |q impreso 
050 1 4 |a Q325.5 ebook 
100 1 |a Castro Caicedo, Fausto Miguel,  |e author.  
245 1 0 |a Máquina de entrenamiento comprimido basada en Extreme Learning Machine :  |b MEC-ELM /  |c Fausto Miguel Castro Caicedo, Pablo Emilio Jojoa Gómez. 
250 |a Primera edición en español. 
264 1 |a Popayán, Colombia :  |b Editorial Universidad del Cauca,  |c 2022. 
300 |a 1 online resource :  |b illustrations. 
336 |a text  |b txt  |2 rdacontent 
337 |a computer file  |b c  |2 rdamedia 
338 |a online resource  |b cr  |2 rdacarrier 
347 |a text file  |2 rdaft 
347 |b PDF 
504 |a Includes bibliographical references and Index. 
588 0 |a Online resource; title from PDF title page (Digitalia, viewed October 8, 2023) 
650 0 |a Machine learning. 
650 0 |a Neural networks (Computer science) 
700 1 |a Jojoa Gómez, Pablo Emilio,  |e author. 
776 0 8 |i Print version:  |a Castro Caicedo, Fausto Miguel.  |t Máquina de entrenamiento comprimido basada en Extreme Learning Machine.  |b Primera edición en español.  |d Popayán, Colombia : Editorial Universidad del Cauca, 2022  |z 9789587325676 
791 2 |a Digitalia (Firm),  |e distributor. 
793 0 |g Digitalia eBook Collection:  |a Universidad del Cauca 
856 4 0 |3 Digitalia Hispánica  |u https://www.digitaliapublishing.com/a/129861/ 
910 |a Premium collection: 2023